Détails MARC
| 000 -LEADER |
| fixed length control field |
04937cam a2200697 i 4500 |
| 001 - CONTROL NUMBER |
| control field |
C406905 |
| 003 - CONTROL NUMBER IDENTIFIER |
| control field |
OSt |
| 005 - DATE AND TIME OF LATEST TRANSACTION |
| control field |
20260224020004.0 |
| 007 - PHYSICAL DESCRIPTION FIXED FIELD--GENERAL INFORMATION |
| fixed length control field |
ta |
| 008 - FIXED-LENGTH DATA ELEMENTS--GENERAL INFORMATION |
| fixed length control field |
240320s2023 be ||||j 6 000|1 fre |
| 009 - PHYSICAL DESCRIPTION FIXED-FIELD FOR ARCHIVAL COLLECTION (VM) [OBSOLETE] |
| fixed length control field |
4 |
| 020 ## - INTERNATIONAL STANDARD BOOK NUMBER |
| International Standard Book Number |
9782808504300 |
| Qualifying information |
(broché) |
| 024 3# - OTHER STANDARD IDENTIFIER |
| Standard number or code |
9782808504300 |
| 035 ## - SYSTEM CONTROL NUMBER |
| System control number |
(BNF)474058660000006 |
| 035 ## - SYSTEM CONTROL NUMBER |
| System control number |
(BTLF)NOT16993118831184 |
| 035 ## - SYSTEM CONTROL NUMBER |
| System control number |
(SQTD)5309489 |
| 035 ## - SYSTEM CONTROL NUMBER |
| System control number |
(SDM)C406905 |
| 040 ## - CATALOGING SOURCE |
| Original cataloging agency |
SDM |
| Language of cataloging |
fre |
| Description conventions |
rda |
| Modifying agency |
SQTD |
| Transcribing agency |
CDM |
| 041 1# - LANGUAGE CODE |
| Language code of text/sound track or separate title |
fre |
| Language code of original and/or intermediate translations of text |
spa |
| 082 ## - DEWEY DECIMAL CLASSIFICATION NUMBER |
| Classification number |
BD HOO |
| Edition number |
23 |
| 100 1# - MAIN ENTRY--PERSONAL NAME |
| Personal name |
Tur, Míriam Bonastre |
| Relator term |
auteur, |
| -- |
artiste. |
| 9 (RLIN) |
1464507a |
| Field link and sequence number |
1384135a |
| 240 10 - UNIFORM TITLE |
| Uniform title |
<a href="Hooky.">Hooky.</a> |
| Form subheading |
Extraits. |
| Language of a work |
Français |
| 245 10 - TITLE STATEMENT |
| Title |
Hooky. |
| Number of part/section of a work |
Tome 3 / |
| Statement of responsibility, etc |
Míriam Bonastre Tur ; traduction, Soline le Saux. |
| 250 ## - EDITION STATEMENT |
| Edition statement |
Première édition. |
| 300 ## - PHYSICAL DESCRIPTION |
| Extent |
222 pages : |
| Other physical details |
principalement des illustrations en couleur ; |
| Dimensions |
24 cm. |
| 520 8# - SUMMARY, ETC. |
| Summary, etc |
Les jumeaux Dorian et Dani appartiennent à une longue lignée de sorciers. Alors qu'ils ratent leur autobus pour l'école de magie, ils cherchent un endroit pour passer les neuf prochains mois afin de ne pas décevoir leurs parents. Ils se rendent chez leur sinistre tante Hilde et lui demandent de devenir leur professeure attitrée. Lors d'une mission qu'elle leur a assignée, Dorian récupère par curiosité un oeuf de dragon et c'est alors que le frère et la soeur provoquent la colère des sorciers qui les accusent de trahison. En fuite, ils trouvent refuge chez maître Pendragon, un devin, et son assistant Nico et découvrent qu'un important complot s'opère dans le monde des sorciers. En effet, ces derniers souhaitent ne plus vivre cachés et veulent se venger de l'oppression des hommes. Les jumeaux, qui sont à la recherche de leurs parents, sont pris en chasse et se retrouvent au coeur d'une prophétie annonçant que l'un d'eux sera un sorcier maléfique. Dans ce troisième opus, la fratrie part à la recherche du prince William qui a mystérieusement disparu, mais ils doivent faire vite, car le roi Damien, leur grand frère, nourrit des idées de vengeance. [SDM] |
| 520 1# - SUMMARY, ETC. |
| Summary, etc |
Adaptée de son format webtoon, cette série de bande dessinée suit ici la destinée d'un frère et d'une soeur gaffeurs qui s'adjoignent au fil de leurs péripéties de divers acolytes, notamment la princesse Monica ainsi que maître Pandragon et son assistant Nico. Alors que les relations entre les personnages se développent plus rapidement que l'intrigue elle-même, on constate que l'histoire s'obscurcit au fil des pages et s'ouvre sur la résurgence de vives tensions entre humains et sorciers. Malgré le fait que certaines scènes s'étirent en longueur et engendrent quelques moments de confusion, on se plait à découvrir ces protagonistes aux personnalités complémentaires et bien campées. Portés par un trait expressif qui s'inspire des mangas, les dessins possèdent des arrière-plans peu détaillés tandis que les phylactères changent de couleur selon le personnage qui s'exprime. [SDM] |
| 521 ## - TARGET AUDIENCE NOTE |
| Target audience note |
E++J+ 3. |
| 590 ## - LOCAL NOTE (RLIN) |
| Local note |
E++J+ |
| 650 #6 - SUBJECT ADDED ENTRY--TOPICAL TERM |
| Topical term or geographic name as entry element |
Sorciers |
| Form subdivision |
Bandes dessinées. |
| 650 #6 - SUBJECT ADDED ENTRY--TOPICAL TERM |
| Topical term or geographic name as entry element |
Jumeaux |
| Form subdivision |
Bandes dessinées. |
| 650 #6 - SUBJECT ADDED ENTRY--TOPICAL TERM |
| Topical term or geographic name as entry element |
Frères et soeurs |
| Form subdivision |
Bandes dessinées. |
| 650 #6 - SUBJECT ADDED ENTRY--TOPICAL TERM |
| Topical term or geographic name as entry element |
Magie |
| Form subdivision |
Bandes dessinées. |
| 650 #6 - SUBJECT ADDED ENTRY--TOPICAL TERM |
| Topical term or geographic name as entry element |
Prophétie |
| Form subdivision |
Bandes dessinées. |
| 650 #6 - SUBJECT ADDED ENTRY--TOPICAL TERM |
| Topical term or geographic name as entry element |
Impairs |
| Form subdivision |
Bandes dessinées. |
| 650 #6 - SUBJECT ADDED ENTRY--TOPICAL TERM |
| Topical term or geographic name as entry element |
Maladresse |
| Form subdivision |
Bandes dessinées. |
| 650 #6 - SUBJECT ADDED ENTRY--TOPICAL TERM |
| Topical term or geographic name as entry element |
Princesses |
| Form subdivision |
Bandes dessinées. |
| 650 #6 - SUBJECT ADDED ENTRY--TOPICAL TERM |
| Topical term or geographic name as entry element |
Princes |
| Form subdivision |
Bandes dessinées. |
| 650 #6 - SUBJECT ADDED ENTRY--TOPICAL TERM |
| Topical term or geographic name as entry element |
Personnes disparues |
| Form subdivision |
Bandes dessinées. |
| 650 #6 - SUBJECT ADDED ENTRY--TOPICAL TERM |
| Topical term or geographic name as entry element |
Amitié |
| Form subdivision |
Bandes dessinées. |
| 650 #7 - SUBJECT ADDED ENTRY--TOPICAL TERM |
| Topical term or geographic name as entry element |
Sorciers |
| Form subdivision |
Bandes dessinées |
| Source of heading or term |
vmj |
| 9 (RLIN) |
435083a,434208v |
| Field link and sequence number |
435083a,434208v |
| 650 #7 - SUBJECT ADDED ENTRY--TOPICAL TERM |
| Topical term or geographic name as entry element |
Jumeaux |
| Form subdivision |
Bandes dessinées |
| Source of heading or term |
vmj |
| 9 (RLIN) |
434852a,434208v |
| Field link and sequence number |
434852a,434208v |
| 650 #7 - SUBJECT ADDED ENTRY--TOPICAL TERM |
| Topical term or geographic name as entry element |
Frères et soeurs |
| Form subdivision |
Bandes dessinées |
| Source of heading or term |
vmj |
| 9 (RLIN) |
435198a,434208v |
| Field link and sequence number |
435198a,434208v |
| 650 #7 - SUBJECT ADDED ENTRY--TOPICAL TERM |
| Topical term or geographic name as entry element |
Magie |
| Form subdivision |
Bandes dessinées |
| Source of heading or term |
vmj |
| 9 (RLIN) |
434097a,434208v |
| Field link and sequence number |
434097a,434208v |
| 650 #7 - SUBJECT ADDED ENTRY--TOPICAL TERM |
| Topical term or geographic name as entry element |
Prophéties (Occultisme) |
| Form subdivision |
Bandes dessinées |
| Source of heading or term |
vmj |
| 9 (RLIN) |
434840a,434208v |
| Field link and sequence number |
434840a,434208v |
| 650 #7 - SUBJECT ADDED ENTRY--TOPICAL TERM |
| Topical term or geographic name as entry element |
Gaffes |
| Form subdivision |
Bandes dessinées |
| Source of heading or term |
vmj |
| 9 (RLIN) |
1090021a,434208v |
| Field link and sequence number |
1090021a,434208v |
| 650 #7 - SUBJECT ADDED ENTRY--TOPICAL TERM |
| Topical term or geographic name as entry element |
Maladresse |
| Form subdivision |
Bandes dessinées |
| Source of heading or term |
vmj |
| 9 (RLIN) |
435305a,434208v |
| Field link and sequence number |
435305a,434208v |
| 650 #7 - SUBJECT ADDED ENTRY--TOPICAL TERM |
| Topical term or geographic name as entry element |
Princesses |
| Form subdivision |
Bandes dessinées |
| Source of heading or term |
vmj |
| 9 (RLIN) |
435353a,434208v |
| Field link and sequence number |
435353a,434208v |
| 650 #7 - SUBJECT ADDED ENTRY--TOPICAL TERM |
| Topical term or geographic name as entry element |
Princes |
| Form subdivision |
Bandes dessinées |
| Source of heading or term |
vmj |
| 9 (RLIN) |
435185a,434208v |
| Field link and sequence number |
435185a,434208v |
| 650 #7 - SUBJECT ADDED ENTRY--TOPICAL TERM |
| Topical term or geographic name as entry element |
Personnes disparues |
| Form subdivision |
Bandes dessinées |
| Source of heading or term |
vmj |
| 9 (RLIN) |
435225a,434208v |
| Field link and sequence number |
435225a,434208v |
| 650 #7 - SUBJECT ADDED ENTRY--TOPICAL TERM |
| Topical term or geographic name as entry element |
Amitié |
| Form subdivision |
Bandes dessinées |
| Source of heading or term |
vmj |
| 9 (RLIN) |
435477a,434208v |
| Field link and sequence number |
435477a,434208v |
| 655 #7 - INDEX TERM--GENRE/FORM |
| Genre/form data or focus term |
Bandes dessinées de merveilleux héroïque. |
| Source of term |
rvmgf |
| 655 #7 - INDEX TERM--GENRE/FORM |
| Genre/form data or focus term |
Bandes dessinées d'aventures. |
| Source of term |
rvmgf |
| 655 #7 - INDEX TERM--GENRE/FORM |
| Genre/form data or focus term |
Documents pour la jeunesse. |
| Source of term |
rvmgf |
| 655 #7 - INDEX TERM--GENRE/FORM |
| Genre/form data or focus term |
Bandes dessinées de genre merveilleux |
| Source of term |
vmj |
| 9 (RLIN) |
467212a |
| Field link and sequence number |
467212a |
| 655 #7 - INDEX TERM--GENRE/FORM |
| Genre/form data or focus term |
Bandes dessinées d'aventures |
| Source of term |
vmj |
| 9 (RLIN) |
460565a |
| Field link and sequence number |
460565a |
| 700 1# - ADDED ENTRY--PERSONAL NAME |
| Personal name |
Tur, Míriam Bonastre. |
| Title of a work |
Hooky. |
| Form subheading |
Extraits. |
| 908 ## - PUT COMMAND PARAMETER (RLIN) |
| Put command parameter |
BNF |
| 908 ## - PUT COMMAND PARAMETER (RLIN) |
| Put command parameter |
SDM |
| 942 ## - ADDED ENTRY ELEMENTS (KOHA) |
| Source of classification or shelving scheme |
Dewey Decimal Classification |
| Koha item type |
Livre |
| Koha issues (borrowed), all copies |
1 |